| 000 | 00726nam a22002177a 4500 | ||
|---|---|---|---|
| 005 | 20240530110625.0 | ||
| 008 | 170103s2015 ua g 000 f ara d | ||
| 017 |
_a2014/22665 _bمصر. دار الكتب |
||
| 020 | _a9789770933237 | ||
| 040 |
_aEG-CaGPL _cEG-CaGPL |
||
| 082 | 0 | 4 |
_221 _a813.03\ _bم ك |
| 100 | 0 | _aمحمد المنسى قنديل | |
| 245 | 1 | 0 |
_aكتيبة سوداء : _bرواية / _cمحمد المنسى قنديل |
| 250 | _aط. 1 | ||
| 260 |
_aالقاهرة : _bدار الشروق ، _c2015. |
||
| 300 |
_a473 ص. ؛ _c19 سم. |
||
| 650 | 0 | 7 |
_2qrmak _aالادب العربى |
| 650 | 0 | 7 |
_2qrmak _aالقصص العربية |
| 942 |
_2ddc _cBK |
||
| 999 |
_c63141 _d63141 |
||